[Event "Moscow ol (Men)"]
[Site "Moscow"]
[Date "1994.??.??"]
[Round "14"]
[White "Lalic, Bogdan"]
[Black "Nogueiras, Jesus"]
[Result "1-0"]
[WhiteElo "2530"]
[BlackElo "2530"]

1.d4 d5 2.c4 e6 3.Nc3 c6 4.e3 Nf6 5.Nf3 Nbd7 6.Bd3 Bd6 7.e4 dxe4 8.Nxe4 Nxe4
9.Bxe4 c5 10.O-O Qc7 11.Bc2 b6 12.d5 e5 13.Re1 O-O 14.Ng5 Nf6 15.Qd3 g6 16.Qf3 Qe7
17.Qc3 Nh5 18.f4 f6 19.fxe5 fxe5 20.Ne4 Bf5 21.Bg5 Qd7 22.Ba4 Qxa4 23.Nxd6 e4
24.Be7 Rfe8 25.Nxe8 Rxe8 26.d6 Nf4 27.Qe5 Nd3 28.Qd5+ Kg7 29.Rxe4 Qc2 30.Rf1  1-0

[Event "Muenster op"]
[Site "Muenster"]
[Date "1994.??.??"]
[Round "4"]
[White "Zagorskis, Darius"]
[Black "Onischuk, Alexander"]
[Result "1/2-1/2"]
[WhiteElo "2485"]
[BlackElo "2585"]

1.d4 d5 2.c4 e6 3.Nc3 c6 4.e3 Nf6 5.Nf3 Nbd7 6.Bd3 dxc4 7.Bxc4 b5 8.Bb3 Bb7
9.O-O a6 10.e4 b4 11.e5 bxc3 12.exf6 Nxf6 13.bxc3 Bd6 14.c4 O-O 15.c5 Be7
16.Bf4 a5 17.Re1 Nd5 18.Bxd5 cxd5 19.Rb1 Qc8 20.Re2 Ba6 21.Reb2 f6 22.Rb8 Qd7
23.Rxa8 Rxa8 24.Rb6 Bb5 25.Qb1 Bc6 26.h3 Qe8 27.Rb8 Rxb8 28.Bxb8 Qc8 29.Ne1 e5
30.dxe5 fxe5 31.Bxe5 Bxc5 32.Nf3 Qb7 33.Qxb7 Bxb7 34.Nd4 Bxd4  1/2-1/2

[Event "Muenster-IM"]
[Site "Muenster"]
[Date "1994.??.??"]
[Round "11"]
[White "Stoering, Volker"]
[Black "Thesing, Matthias"]
[Result "0-1"]
[WhiteElo "2340"]
[BlackElo "2385"]

1.d4 d5 2.c4 e6 3.Nc3 c6 4.e3 Nf6 5.Nf3 Nbd7 6.Qc2 Bd6 7.Be2 O-O 8.b3 a6
9.O-O e5 10.cxd5 cxd5 11.dxe5 Nxe5 12.Bb2 Be6 13.Rac1 Nfg4 14.g3 Qf6 15.Nxe5 Bxe5
16.f4 Bxc3 17.Qxc3 Qh6 18.Bxg4 Bxg4 19.f5 Rae8 20.Rf4 Re4 21.Rcf1 Rfe8 22.Rxe4 dxe4
23.Rf4 Bf3 24.h4 Rd8 25.Kf2 Kh8 26.Qb4 Qc6 27.Qc3 Qxc3 28.Bxc3 Rc8 29.Bd4 Rc2+
30.Kf1 h5 31.f6 g6 32.a4 Kg8 33.b4 Rc4 34.Bc5 a5 35.Be7 axb4 36.g4  0-1

[Event "New York Murphy-ACF2"]
[Site "New York"]
[Date "1994.??.??"]
[Round "?"]
[White "Ashley, Maurice"]
[Black "Zamora, Jorge"]
[Result "1-0"]
[WhiteElo "2460"]
[BlackElo "2290"]

1.d4 Nf6 2.Nf3 d5 3.c4 c6 4.e3 e6 5.Nc3 Nbd7 6.Qc2 Bd6 7.Bd2 Qe7 8.O-O-O b6
9.e4 dxe4 10.Nxe4 Nxe4 11.Qxe4 Bb7 12.Bd3 Nf6 13.Qh4 O-O-O 14.Rhe1 h6 15.Qh3 g5
16.Ne5 Bxe5 17.Rxe5 Rxd4 18.Bxg5 Rhd8 19.Qxh6 Rxd3 20.Rxd3 Rxd3 21.Qh8+ Rd8
22.Qxf6 Qxf6 23.Bxf6 Rd4 24.g3 Rxc4+ 25.Kd2 c5 26.h4 Rd4+ 27.Kc3 Rd1 28.h5 Rh1
29.Bh4 Rc1+ 30.Kd2  1-0

[Event "PCA/Intel-GP"]
[Site "New York"]
[Date "1994.??.??"]
[Round "3"]
[White "Ivanchuk, Vassily"]
[Black "Kramnik, Vladimir"]
[Result "1/2-1/2"]
[WhiteElo "2695"]
[BlackElo "2725"]

1.d4 d5 2.c4 c6 3.Nc3 Nf6 4.e3 e6 5.Nf3 Nbd7 6.Bd3 dxc4 7.Bxc4 b5 8.Bd3 Bb7
9.a3 b4 10.Ne4 Nxe4 11.Bxe4 bxa3 12.O-O axb2 13.Bxb2 Nf6 14.Bd3 Be7 15.Qb1 Rb8
16.Rxa7 Qb6 17.Qa2 O-O 18.Rb1 Ra8 19.Rxa8 Rxa8 20.Qc4 Ba6 21.Qc2 Bxd3 22.Qxd3 Qb5
23.Ne5 Rb8 24.Qxb5 Rxb5 25.Nc4 c5  1/2-1/2

[Event "New York op"]
[Site "New York"]
[Date "1994.??.??"]
[Round "4"]
[White "Ehlvest, Jaan"]
[Black "Wojtkiewicz, Aleksander"]
[Result "1/2-1/2"]
[WhiteElo "2610"]
[BlackElo "2555"]

1.d4 d5 2.c4 c6 3.e3 Nf6 4.Nc3 e6 5.Nf3 Nbd7 6.Qc2 Bd6 7.b3 O-O 8.Be2 e5
9.cxd5 cxd5 10.Nb5 Bb4+ 11.Bd2 Bxd2+ 12.Nxd2 a6 13.dxe5 Nxe5 14.Nd4 Bg4 15.Bxg4 Nfxg4
16.O-O Rc8 17.Qf5 g6 18.Qf4 Re8 19.Rad1 Nf6 20.h3 Kg7 21.N2f3 Nxf3+ 22.Qxf3 Qa5
23.Qe2 Rc7 24.Qb2 Qc3 25.Qxc3 Rxc3 26.a4 Rec8 27.Rfe1 Ne4 28.Re2  1/2-1/2

[Event "New York op"]
[Site "New York"]
[Date "1994.??.??"]
[Round "5"]
[White "Sokolin, Leonid M"]
[Black "Alexopoulos, Georgios"]
[Result "1-0"]
[WhiteElo "2450"]
[BlackElo "2260"]

1.d4 Nf6 2.c4 c6 3.Nc3 d5 4.Nf3 e6 5.e3 Nbd7 6.Qc2 a6 7.b3 Bd6 8.g4 Nxg4
9.Rg1 Nxh2 10.Nxh2 Bxh2 11.Rxg7 Bd6 12.c5 Bf8 13.Rxh7 Rxh7 14.Qxh7 b6 15.cxb6 Qxb6
16.Bd2 Bb4 17.Be2 Nf6 18.Qc2 Bd7 19.Na4 Qa5 20.Bd3 Ke7 21.Bxb4+ Qxb4+ 22.Ke2 a5
23.Qc5+ Qxc5 24.Nxc5 Be8 25.Rc1 Kd6 26.f3 Nd7 27.Na4 f6 28.Rh1 Bf7 29.Rh7 Rf8
30.Kd2 Be8 31.Ke2 f5 32.Kf2 f4 33.e4 e5 34.exd5 cxd5 35.Rh6+ Nf6 36.dxe5+ Kxe5
37.Nc5 Rf7 38.Bg6 Rc7 39.Nd3+ Kd4 40.Nxf4 Rc2+ 41.Bxc2  1-0

[Event "New York MCC"]
[Site "New York"]
[Date "1994.??.??"]
[Round "6"]
[White "Sagalchik, Gennadij"]
[Black "Leveille, Francois"]
[Result "0-1"]
[WhiteElo "2545"]
[BlackElo "2370"]

1.d4 d5 2.c4 c6 3.Nc3 Nf6 4.e3 e6 5.Nf3 Nbd7 6.Bd3 dxc4 7.Bxc4 b5 8.Bd3 a6
9.a4 b4 10.Ne4 Bb7 11.Ned2 Be7 12.a5 c5 13.O-O O-O 14.Nc4 Qc7 15.Qe2 Ng4
16.Ncd2 Rfd8 17.h3 Ngf6 18.Nc4 Nd5 19.Nfe5 Nxe5 20.dxe5 Qc6 21.f3 Nc7 22.Rd1 Nb5
23.Bd2 Qc7 24.Rac1 Rab8 25.f4 g6 26.Nb6 Bc6 27.Be1 Qb7 28.Qc2 Kg7 29.Bxb4 Rxd3
30.Rxd3 Be4 31.Be1 Rd8 32.Rcd1 Rxd3 33.Rxd3 Bd8 34.Rd7 Qxd7 35.Qxe4 Qd1 36.Kf2 Bh4+
37.g3 Bxg3+ 38.Kxg3 Qxe1+ 39.Kg2 Qe2+ 40.Kg3 Qe1+ 41.Kg2 Qe2+ 42.Kg3 Nd4
43.h4 Nf5+ 44.Kh3 Nxe3 45.f5 exf5 46.Qc6 Qg4+ 47.Kh2 Qxh4+ 48.Kg1 Qe1+ 49.Kh2 Ng4+
50.Kg2 Qe2+  0-1

[Event "New York op"]
[Site "New York"]
[Date "1994.??.??"]
[Round "8"]
[White "Dlugy, Maxim"]
[Black "Akopian, Vladimir"]
[Result "0-1"]
[WhiteElo "2555"]
[BlackElo "2605"]

1.d4 d5 2.c4 c6 3.Nf3 Nf6 4.e3 e6 5.Nc3 Nbd7 6.Qc2 Bd6 7.Bd3 dxc4 8.Bxc4 O-O
9.O-O Qe7 10.e4 e5 11.Rd1 exd4 12.Nxd4 Ne5 13.Be2 Ng6 14.Nf5 Bxf5 15.exf5 Ne5
16.Bg5 Ned7 17.Re1 Rfe8 18.Kf1 h6 19.Bh4 Be5 20.Bg3 Qc5 21.Rac1 Bxg3 22.hxg3 Re5
23.f4 Re7 24.Bf3 Rae8 25.Rxe7 Rxe7 26.Re1 Rxe1+ 27.Kxe1 Nb6 28.Ke2 Nbd5 29.Qd3 Nb4
30.Qd8+ Kh7 31.a3 Nbd5 32.Nxd5 cxd5 33.Kd3 Qc4+ 34.Kd2 Ne4+ 35.Bxe4 Qxe4
36.Qd7 Qxg2+ 37.Kc1 f6 38.Kb1 Qxg3 39.Qxb7 Qd3+ 40.Ka2 a6 41.a4 h5 42.Qf7 Qxf5  0-1

[Event "New York MCC"]
[Site "New York"]
[Date "1994.??.??"]
[Round "10"]
[White "Sagalchik, Gennadij"]
[Black "Arnett, David A"]
[Result "0-1"]
[WhiteElo "2545"]
[BlackElo "2350"]

1.d4 Nf6 2.c4 c6 3.Nc3 d5 4.e3 e6 5.Nf3 Nbd7 6.Bd3 dxc4 7.Bxc4 b5 8.Bd3 Bb7
9.O-O Bd6 10.a4 b4 11.Ne4 Nxe4 12.Bxe4 Nf6 13.Bd3 c5 14.Qe2 cxd4 15.Bb5+ Nd7
16.Rd1 O-O 17.Rxd4 Nc5 18.Qd1 Bd5 19.Rxb4 Qc7 20.Bd2 Rfd8 21.Rh4 Be7 22.Rh3 Bxf3
23.gxf3 g6 24.Qc2 Rxd2 25.Qxd2 Nb3 26.Qd1 Nxa1 27.Qxa1 Qc2 28.b3 Rd8 29.Qe5 Rd1+
30.Bf1 Qe2  0-1

[Event "New York MCC"]
[Site "New York"]
[Date "1994.??.??"]
[Round "10"]
[White "Sokolin, Leonid M"]
[Black "Leveille, Francois"]
[Result "1-0"]
[WhiteElo "2450"]
[BlackElo "2370"]

1.d4 d5 2.c4 c6 3.Nc3 Nf6 4.e3 e6 5.Nf3 Nbd7 6.Qc2 a6 7.a4 Bb4 8.Bd2 O-O
9.Bd3 dxc4 10.Bxc4 c5 11.O-O b6 12.Ne5 Bb7 13.f4 cxd4 14.Ne2 Bxd2 15.Qxd2 dxe3
16.Qxe3 Nd5 17.Bxd5 Bxd5 18.Nxd7 Qxd7 19.Qxb6 Rfb8 20.Qd4 Qb7 21.Rf2 Qxb2
22.Qxb2 Rxb2 23.Nc3 Rxf2 24.Kxf2 Bc4 25.Rd1 g6 26.Rd7 Rb8 27.g4 Bd5 28.Ke3 Rb4
29.a5 Bb7 30.g5 Kf8 31.h4 Ke8 32.Rc7 Bg2 33.Rc8+ Kd7 34.Rh8 Rc4 35.Ne2 Rc5
36.Rxh7 Ke7 37.h5 gxh5 38.g6 Kf6 39.g7 Rc8 40.Rh8  1-0

[Event "Nice"]
[Site "Nice"]
[Date "1994.??.??"]
[Round "4"]
[White "Tasic, Branislav"]
[Black "Anic, Darko"]
[Result "0-1"]
[WhiteElo "2290"]
[BlackElo "2450"]

1.d4 c6 2.c4 Nf6 3.Nc3 d5 4.e3 e6 5.Nf3 Nbd7 6.Bd3 Bd6 7.O-O O-O 8.e4 dxc4
9.Bxc4 e5 10.h3 b5 11.Bb3 Bb7 12.Re1 a6 13.Bg5 Re8 14.a3 exd4 15.Qxd4 Ne5
16.Nh4 c5 17.Qd2 c4 18.Bc2 Ng6 19.Nxg6 hxg6 20.Rad1 Be5 21.Qe3 Qc7 22.Bxf6 gxf6
23.g3 Kg7 24.f4 Bd6 25.Nd5 Qc5 26.Qxc5 Bxc5+ 27.Kf1 Rac8 28.Rd2 a5 29.e5 fxe5
30.fxe5 Rcd8 31.Red1 Rxe5 32.Nf4 Rxd2 33.Rxd2 Be3 34.Rd7 Bc8 35.Rc7 Bf5 36.Bxf5 Rxf5
37.Ke2 Bxf4 38.gxf4 Rxf4 39.Rc5 Rf5 40.Rc7 Rg5 41.Kf3 Rh5 42.Kg3  0-1

[Event "Niksic"]
[Site "Niksic"]
[Date "1994.??.??"]
[Round "?"]
[White "Bogdanovski, Vlatko"]
[Black "Ivanovic, Bozidar"]
[Result "1/2-1/2"]
[WhiteElo "2425"]
[BlackElo "2470"]

1.d4 d5 2.c4 c6 3.Nc3 Nf6 4.Nf3 e6 5.e3 Nbd7 6.Bd3 dxc4 7.Bxc4 b5 8.Be2 a6
9.e4 b4 10.e5 bxc3 11.exf6 Nxf6 12.bxc3 Qa5 13.O-O Bd6 14.Ne5 Qc7 15.Bf3 O-O
16.g3 Bb7 17.Nc4 a5 18.Nxd6 Qxd6 19.Qb3 Qd7 20.Rb1 Ba6 21.Rd1 a4 22.Qb4 Nd5
23.Qc5 Qa7 24.Qxa7 Rxa7 25.Bxd5  1/2-1/2

[Event "NLD-chT9495"]
[Site "?"]
[Date "1994.??.??"]
[Round "1"]
[White "Kohler, Aran"]
[Black "Slingerland, Fred"]
[Result "0-1"]
[WhiteElo "2255"]
[BlackElo "2245"]

1.d4 d5 2.Nf3 Nf6 3.c4 c6 4.Nc3 e6 5.e3 Nbd7 6.Qc2 Bd6 7.Be2 O-O 8.O-O e5
9.cxd5 cxd5 10.dxe5 Nxe5 11.Rd1 Nxf3+ 12.Bxf3 Qc7 13.g3 Be5 14.Qd3 Bxc3 15.bxc3 Be6
16.Rb1 Rac8 17.Bd2 b6 18.Rb4 Qe5 19.Rd4 Bf5 20.Qa6 Be4 21.Be2 Qf5 22.Be1 Ng4
23.Qxa7 Ne5 24.f4 Ng4 25.Rxe4 dxe4 26.Qxb6 Qh5 27.Bxg4 Qxg4 28.Qd4 h5 29.c4 h4
30.Rd2 hxg3 31.hxg3 Rfe8 32.c5 Rc6 33.a4 Rh6 34.Qd7 Ree6 35.Qc8+ Kh7 36.Rd8 Kg6
37.Rh8 Rxh8 38.Qxh8 Qd1 39.Kf1 Qd3+ 40.Kf2 Qc2+ 41.Kf1 f5 42.Qf8 Qxa4 43.g4 Rf6
44.Qc8 Kh7 45.g5 Qa6+ 46.Qxa6 Rxa6 47.Bc3 Ra4 48.Ke2 Rc4 49.Bd4 Kg6 50.Kd2 Kf7
51.Kd1 g6 52.Kd2 Ke6 53.Kd1 Kd5 54.Kd2 Kc6 55.Kd1 Kb5 56.Kd2 Kb4 57.Kd1 Ka4
58.Ke2 Rc2+ 59.Ke1 Kb4 60.Kd1 Kb3 61.Ke1 Kc4 62.Kd1 Kd3 63.Ke1 Rc1+ 64.Kf2 Kd2
65.Kg2 Ke2 66.Kh2 Rc2 67.Kg3 Kf1 68.Kh3 Kf2 69.Kh2 Rc1 70.Kh3 Rh1+  0-1

[Event "NLD-chT9495"]
[Site "?"]
[Date "1994.??.??"]
[Round "5"]
[White "Sokolov, Ivan"]
[Black "Van de Oudeweetering, Arthur"]
[Result "1-0"]
[WhiteElo "2650"]
[BlackElo "2325"]

1.d4 d5 2.c4 c6 3.Nc3 Nf6 4.e3 e6 5.Nf3 Nbd7 6.Qc2 Bd6 7.Bd2 O-O 8.Bd3 dxc4
9.Bxc4 b5 10.Bd3 Bb7 11.e4 e5 12.dxe5 Nxe5 13.Nxe5 Bxe5 14.f4 Bxc3 15.Bxc3 c5
16.e5 c4 17.Bf5 Ng4 18.Qe2 Qh4+ 19.g3 Qe7 20.Qxg4 Bxh1 21.O-O-O Bc6 22.Rd6 b4
23.Bxb4 Qb7 24.Bc3 Rae8 25.e6 fxe6 26.Bxe6+ Kh8 27.Rd7  1-0

[Event "NLD-chT9495"]
[Site "?"]
[Date "1994.??.??"]
[Round "6"]
[White "Van Gisbergen, Stan"]
[Black "Beulen, Marcel"]
[Result "1-0"]
[WhiteElo "2365"]
[BlackElo "2310"]

1.d4 Nf6 2.c4 c6 3.Nc3 d5 4.e3 e6 5.Nf3 Nbd7 6.Qc2 Bd6 7.b3 O-O 8.Be2 e5
9.cxd5 cxd5 10.Nb5 Bb8 11.dxe5 Nxe5 12.Bb2 Nc6 13.O-O a6 14.Nbd4 Nb4 15.Qb1 Ne4
16.a3 Nc6 17.Qc2 Bd7 18.Bd3 Qe7 19.Rad1 Re8 20.b4 Bd6 21.Qb3 Nxd4 22.Nxd4 Bg4
23.Be2 Qh4 24.f4 Rad8 25.Nf3 Bxf3 26.Bxf3 Bf8 27.Bd4 Re6 28.Be5 Rh6 29.h3 Qg3
30.Bxe4 Rxh3 31.Rf3 Qh2+ 32.Kf2  1-0

[Event "NLD-chT9495"]
[Site "?"]
[Date "1994.??.??"]
[Round "7"]
[White "Grooten, Herman"]
[Black "Tolk, Peter"]
[Result "1-0"]
[WhiteElo "2355"]
[BlackElo "2295"]

1.d4 d5 2.c4 c6 3.e3 Nf6 4.Nc3 e6 5.Nf3 Nbd7 6.Bd3 Bd6 7.O-O O-O 8.e4 dxe4
9.Nxe4 Nxe4 10.Bxe4 e5 11.c5 Bc7 12.Bg5 Qe8 13.Qc2 h6 14.Bh4 Qe6 15.Bf5 Qd5
16.Bg3 Nf6 17.Bxc8 Rfxc8 18.dxe5 Nd7 19.b4 a5 20.Rad1 Qe6 21.Nd4 Qe8 22.Rfe1 axb4
23.e6 Nf6 24.Bd6 Bxd6 25.cxd6 fxe6 26.Rxe6 Qh5 27.Nf5 Rxa2 28.Qxa2 Nd5 29.Ne7+ Kh8
30.Rde1  1-0

[Event "NLD-sf"]
[Site "?"]
[Date "1994.??.??"]
[Round "4"]
[White "Tondivar, Babak"]
[Black "Rooda, K."]
[Result "1-0"]
[WhiteElo "2315"]
[BlackElo "2090"]

1.Nf3 d5 2.c4 c6 3.e3 Nf6 4.Nc3 e6 5.d4 Bd6 6.Bd3 O-O 7.O-O Nbd7 8.b3 Re8
9.Qc2 h6 10.Bb2 Qe7 11.e4 dxc4 12.Bxc4 e5 13.Rad1 exd4 14.Nxd4 Ne5 15.Be2 Bc7
16.Rfe1 Qc5 17.Qc1 Bg4 18.f3 Rad8 19.Ba3 Nxf3+ 20.gxf3 Qh5 21.f4 Nxe4 22.Bb2 Nxc3
23.Qxc3 Bxf4 24.Nf3 f6 25.Rxd8 Rxd8 26.Qc4+  1-0

[Event "NOR-chT"]
[Site "?"]
[Date "1994.??.??"]
[Round "2"]
[White "Fyllingen, Roy Harald"]
[Black "Groenn, Atle"]
[Result "1-0"]
[WhiteElo "2330"]
[BlackElo "2320"]

1.d4 d5 2.Nf3 e6 3.c4 c6 4.e3 Nf6 5.Nc3 Nbd7 6.Qc2 Bd6 7.Be2 O-O 8.O-O dxc4
9.Bxc4 b5 10.Be2 Bb7 11.Rd1 Qc7 12.Bd2 e5 13.Rac1 Rac8 14.h3 Qb8 15.Be1 a6
16.Bd3 c5 17.Nxe5 Nxe5 18.dxe5 Bxe5 19.f4 Bxc3 20.Bxc3 c4 21.Bf5 Rc6 22.Qf2 Bc8
23.Bb1 Qb6 24.Bd4 Qc7 25.e4 Nd7 26.Rc3 Nc5 27.Rg3 f6 28.Be3 Re8 29.Qf3 Rce6
30.f5 R6e7 31.Bh6 Kh8 32.Bf4 Qa7 33.Kh2 Nxe4 34.Bxe4  1-0

[Event "BCF-ch"]
[Site "Norwich"]
[Date "1994.??.??"]
[Round "10"]
[White "Lodhi, Mahmood"]
[Black "Stephenson, F Norman"]
[Result "1-0"]
[WhiteElo "2475"]
[BlackElo "2245"]

1.d4 d5 2.c4 e6 3.Nc3 Nf6 4.Nf3 c6 5.e3 Ne4 6.cxd5 Nxc3 7.bxc3 exd5 8.Be2 Bd6
9.O-O O-O 10.c4 dxc4 11.Bxc4 Qe7 12.Qd3 Be6 13.Bxe6 Qxe6 14.e4 Nd7 15.Ng5 Qg6
16.f4 Rad8 17.Qh3 h6 18.f5 Qf6 19.Nf3 Bc5 20.Be3 Bb6 21.Rae1 Qe7 22.e5 Rfe8
23.Qg4 Kh8 24.f6 Qf8 25.Qh4  1-0

[Event "Oakham"]
[Site "Oakham"]
[Date "1994.??.??"]
[Round "2"]
[White "Thorhallsson, Throstur"]
[Black "Knox, Victor W"]
[Result "1-0"]
[WhiteElo "2470"]
[BlackElo "2325"]

1.d4 d5 2.c4 c6 3.Nf3 Nf6 4.Nc3 e6 5.e3 Nbd7 6.Qc2 Bd6 7.a3 O-O 8.Be2 Qe7
9.O-O e5 10.dxe5 Nxe5 11.cxd5 cxd5 12.Rd1 Bg4 13.Nd4 Rac8 14.Bxg4 Nexg4 15.h3 Ne5
16.Bd2 g6 17.Be1 Rfd8 18.Rac1 a6 19.Qb3 Bc5 20.Nde2 Qd6 21.Nf4 d4 22.Na4 b6
23.exd4 Bxd4 24.Rxc8 Rxc8 25.Bb4 Qd8 26.Ne2 Rc4 27.Bc3 b5 28.Bxd4 bxa4 29.Bxe5  1-0

[Event "Oakham"]
[Site "Oakham"]
[Date "1994.??.??"]
[Round "5"]
[White "Rossiter, Philip J"]
[Black "Thorhallsson, Throstur"]
[Result "1/2-1/2"]
[WhiteElo "2400"]
[BlackElo "2470"]

1.d4 d5 2.c4 c6 3.Nf3 Nf6 4.Nc3 e6 5.e3 Nbd7 6.Bd3 dxc4 7.Bxc4 b5 8.Bb3 Bb7
9.O-O Be7 10.a3 a5 11.Re1 b4 12.Ne2 O-O 13.Nf4 c5 14.Ng5 Qb6 15.axb4 axb4
16.Rxa8 Rxa8 17.e4 Nf8 18.d5 h6 19.Nf3 Rd8 20.Ne5 Qc7 21.Ng4 c4 22.Bc2 exd5
23.exd5 Nxg4 24.Qxg4 Bc8 25.Qf3 Bg5 26.g3 b3 27.Be4 Nd7 28.h4 Ne5 29.Qc3 Bf6
30.Nh5 Nd7 31.Qf3 c3 32.Bf4 Be5 33.bxc3 Qxc3 34.Qxc3 Bxc3 35.Re3 Nc5 36.Rxc3 Nxe4
37.Rxb3 Bg4 38.f3 Nc5 39.Rb5 Bxh5 40.Rxc5 Bxf3 41.d6 Bg4 42.Kf2 f6 43.Rc6 Kf7
44.Bd2 Bd7 45.Rc4 g5  1/2-1/2

[Event "Oberwart op"]
[Site "Oberwart"]
[Date "1994.??.??"]
[Round "2"]
[White "Roski, Ferdinand"]
[Black "Magerramov, Elmar"]
[Result "0-1"]
[WhiteElo "2235"]
[BlackElo "2580"]

1.d4 Nf6 2.c4 e6 3.Nf3 d5 4.Nc3 c6 5.e3 Nbd7 6.Qc2 Bd6 7.Be2 O-O 8.O-O e5
9.cxd5 cxd5 10.dxe5 Nxe5 11.Rd1 Nc6 12.a3 Be6 13.b4 Rc8 14.Bb2 Qe7 15.Qa4 Nd7
16.Rd2 Nb6 17.Qd1 Rfd8 18.Nb5 Bb8 19.Nbd4 Nxd4 20.Bxd4 Nc4 21.Rc2 b6 22.h3 Bd6
23.Bd3 Rc7 24.Rc3 Rdc8 25.Qc2 h6 26.Qe2 a5 27.bxa5 bxa5 28.a4 Bb4 29.Rc2 Bd7
30.Nh2 Ne5 31.Rxc7 Rxc7 32.Bc2 Bc3 33.Rb1 g6 34.Bb3 Be6 35.Bxe5 Bxe5 36.Qb5 Rb7
37.Qxa5 Bf5 38.Nf3 Bxb1 39.Bxd5 Bc7 40.Qc3 Rb8  0-1

[Event "Oberwart op"]
[Site "Oberwart"]
[Date "1994.??.??"]
[Round "5"]
[White "Agrest, Evgenij"]
[Black "Serper, Grigory"]
[Result "0-1"]
[WhiteElo "2475"]
[BlackElo "2575"]

1.d4 d5 2.c4 c6 3.Nc3 Nf6 4.e3 e6 5.Nf3 Nbd7 6.a3 Bd6 7.b4 O-O 8.Bb2 Qe7
9.Qc2 e5 10.cxd5 cxd5 11.dxe5 Nxe5 12.Nb5 Nxf3+ 13.gxf3 Be5 14.Bxe5 Qxe5
15.Nd4 Re8 16.Be2 Bh3 17.Kd2 Rac8 18.Qb1 a5 19.bxa5 Bg2 20.Rc1 Rxc1 21.Qxc1 Bh3
22.Rb1 Qxh2 23.Rxb7 Qxf2 24.Rb3 Bc8 25.Qe1 Qh2 26.Kd1 Bd7 27.Qb4 h5 28.a6 h4
29.a7 h3 30.Kd2 Qg1 31.Qc3 h2 32.Rb8 h1=Q 33.Rxe8+ Nxe8 34.a8=Q Qb1 35.Qc2 Qhe1+
36.Kd3 Bb5+ 37.Nxb5 Qxc2+ 38.Kxc2 Qxe2+ 39.Kc3 Qxb5 40.a4 Qc4+ 41.Kd2 Qb4+
42.Ke2 Kf8 43.a5 Qb5+ 44.Kf2 Ke7 45.Qa7+ Kd8 46.Qa8+ Kd7 47.a6 Qc6  0-1

[Event "Oberwart op"]
[Site "Oberwart"]
[Date "1994.??.??"]
[Round "5"]
[White "Zilberman, Yaacov"]
[Black "Roski, Ferdinand"]
[Result "1-0"]
[WhiteElo "2460"]
[BlackElo "2235"]

1.d4 d5 2.c4 c6 3.Nf3 Nf6 4.Nc3 e6 5.e3 Nbd7 6.Bd3 dxc4 7.Bxc4 b5 8.Be2 b4
9.Na4 Be7 10.Bd2 O-O 11.O-O Qc7 12.Rc1 Bb7 13.Qc2 e5 14.dxe5 Nxe5 15.Nc5 Nxf3+
16.Bxf3 Bxc5 17.Qxc5 a5 18.a3 Nd7 19.Qf5 c5 20.axb4 axb4 21.Bxb4 Ra6 22.Bxb7 Qxb7
23.Bc3 Rg6 24.g3 Rc8 25.Rfd1 Nf8 26.Qd5 Qb5 27.Ra1 Qe8 28.Ra7 h6 29.h4 Rcc6
30.Qf3 Rc8 31.Kh2 Rcc6 32.Rda1 Rc8 33.Ra8 Rgc6 34.R8a7 Ng6 35.R1a4 c4 36.R4a5 Nf8
37.Rb7 Ne6 38.Raa7 R6c7 39.Rxc7 Nxc7 40.Qg4 Ne6 41.f4 Qf8 42.f5 Nd8 43.Ra4  1-0

[Event "Oberwart op"]
[Site "Oberwart"]
[Date "1994.??.??"]
[Round "8"]
[White "Burmakin, Vladimir"]
[Black "Magerramov, Elmar"]
[Result "1-0"]
[WhiteElo "2555"]
[BlackElo "2580"]

1.d4 d5 2.Nf3 Nf6 3.c4 c6 4.Nc3 e6 5.e3 Nbd7 6.Qc2 Bd6 7.Be2 O-O 8.O-O e5
9.cxd5 cxd5 10.Nb5 Bb8 11.dxe5 Nxe5 12.Bd2 Nc6 13.Rfd1 Qe7 14.Bc3 Rd8 15.Nfd4 Ne4
16.Nxc6 bxc6 17.Ba5 Re8 18.Qxc6 Bb7 19.Qc2 Bd6 20.Be1 Rec8 21.Qa4 Qf6 22.Qd4 Qh6
23.Rac1 Bc5 24.Qa4 Re8 25.Nd4 Bb6 26.Bb5 Rec8 27.Bc6 Bxc6 28.Rxc6 Nc5 29.Qb5 Ne6
30.Nxe6 fxe6 31.Rxd5 Rxc6 32.Qxc6 Rf8 33.Re5 Rd8 34.Rxe6 Qh5 35.Rd6  1-0

[Event "Oberwart op"]
[Site "Oberwart"]
[Date "1994.??.??"]
[Round "9"]
[White "Wells, Peter K"]
[Black "Supatashvili, Khvicha"]
[Result "1-0"]
[WhiteElo "2490"]
[BlackElo "2435"]

1.Nf3 Nf6 2.c4 c6 3.d4 d5 4.Nc3 e6 5.e3 Nbd7 6.Qc2 Bd6 7.g4 dxc4 8.Bxc4 Nd5
9.Ne4 Be7 10.Bd2 b6 11.Ng3 Bb7 12.e4 Nb4 13.Qb3 a5 14.a3 a4 15.Qc3 Na6 16.Nh5 Rg8
17.h4 b5 18.Ba2 g6 19.Nf4 c5 20.d5 c4 21.dxe6 fxe6 22.Nxe6 Qb6 23.Nfd4 Ndc5
24.Nxb5 Nxe6 25.Qxc4 Nac5 26.Be3 Rf8 27.O-O Ba6 28.Qxe6 Qxb5 29.Bxc5 Qxc5
30.Rac1 Qd6 31.Qxd6 Bxd6 32.Rfd1 Rd8 33.e5 Be7 34.Bd5 Bxh4 35.Rc7 Bb5 36.Rb7 Bxf2+
37.Kh2 Rxd5 38.Rxd5 Bc6 39.Rb8+ Ke7 40.Rxf8  1-0

[Event "Olot op"]
[Site "Olot"]
[Date "1994.??.??"]
[Round "?"]
[White "Sorroche Martin, Jose Maria"]
[Black "Luther, Thomas"]
[Result "0-1"]
[WhiteElo "2390"]
[BlackElo "2510"]

1.c4 e6 2.Nc3 d5 3.d4 c6 4.e3 Nf6 5.Nf3 Nbd7 6.Qc2 Bd6 7.Be2 O-O 8.O-O e5
9.cxd5 cxd5 10.Nb5 Bb8 11.b3 e4 12.Nd2 a6 13.Nc3 Re8 14.f4 exf3 15.Nxf3 Nf8
16.Bd3 Bg4 17.Bf5 Bxf5 18.Qxf5 Ng6 19.Bd2 Bd6 20.Rae1 Bb4 21.Nb1 Bd6 22.Nc3 Qc8
23.Qd3 Qc6 24.Ng5 Bb4 25.Rc1 Ba3 26.Rce1 Bb4 27.Rc1 Qd6 28.Qf5 h6 29.Nxf7 Kxf7
30.Nxd5 Bxd2 31.Rc7+ Re7 32.Nxe7 Nxe7 33.Rxb7 Bxe3+ 34.Kh1 Kg8 35.Qf3 Ned5
36.Qf5 Qc6  0-1

[Event "Olot op"]
[Site "Olot"]
[Date "1994.??.??"]
[Round "?"]
[White "Vidarte Morales, Arturo"]
[Black "Cifuentes Parada, Roberto"]
[Result "0-1"]
[WhiteElo "2350"]
[BlackElo "2490"]

1.c4 c6 2.Nc3 d5 3.d4 Nf6 4.e3 e6 5.Nf3 Nbd7 6.Qc2 Bd6 7.Be2 O-O 8.O-O b6
9.b3 Bb7 10.Bb2 Rc8 11.e4 Nxe4 12.Nxe4 dxe4 13.Qxe4 Re8 14.Ne5 Nf6 15.Qh4 c5
16.Bf3 Bxf3 17.Nxf3 cxd4 18.Bxd4 e5 19.Bb2 h6 20.Rad1 Qc7 21.Rfe1 Re6 22.Nd2 Be7
23.Qg3 Re8 24.Qf3 Bb4 25.a3 e4 26.Qh3 Bc5 27.Nf1 a5 28.Ne3 Qf4 29.Qg3 Nh5
30.Qh3 Qg5 31.Rd5 Nf4 32.Qxe6 Rxe6 33.Rxg5 hxg5 34.a4 Nd3 35.Re2 Bxe3 36.fxe3 Nc5
37.Bd4 Nxb3 38.Rb2 Nxd4 39.exd4 e3 40.Kf1 Re4 41.c5 bxc5 42.dxc5 Rc4 43.Rb5 f5
44.c6 f4 45.Rxa5 g4 46.Rf5 g6 47.Re5 Rxc6 48.g3 Rc1+ 49.Ke2 f3+  0-1

[Event "Orel"]
[Site "Orel"]
[Date "1994.??.??"]
[Round "3"]
[White "Zaitsev, Igor A"]
[Black "Savon, Vladimir A"]
[Result "0-1"]
[WhiteElo "2430"]
[BlackElo "2435"]

1.d4 d5 2.c4 c6 3.Nf3 Nf6 4.Nc3 e6 5.e3 Nbd7 6.Qc2 Bd6 7.Be2 O-O 8.O-O Re8
9.Rd1 Qe7 10.e4 Nxe4 11.Nxe4 dxe4 12.Qxe4 e5 13.c5 exd4 14.Qxe7 Bxe7 15.Nxd4 Bxc5
16.Be3 Nf6 17.Nc2 Bxe3 18.Nxe3 Be6 19.b4 Nd5 20.Nxd5 Bxd5 21.Rd2 Kf8 22.Rad1 Ke7
23.f4 Be6 24.Kf2 Rac8 25.Bf3 Rc7 26.g4 g6 27.a4 a5 28.b5 cxb5 29.axb5 Rb8
30.Re1 Rc5 31.Rd5 Rxd5 32.Bxd5 Kd6 33.Bxe6 fxe6 34.Rc1 a4 35.b6 a3  0-1

[Event "Orel"]
[Site "Orel"]
[Date "1994.??.??"]
[Round "3"]
[White "Pushkov, Nikolai"]
[Black "Mukhametov, Eldar"]
[Result "1/2-1/2"]
[WhiteElo "2510"]
[BlackElo "2390"]

1.d4 d5 2.c4 c6 3.Nf3 Nf6 4.Nc3 e6 5.e3 Nbd7 6.Qc2 Bd6 7.Be2 O-O 8.O-O dxc4
9.Bxc4 Qe7 10.Rd1 e5 11.h3 e4 12.Nd2 Nb6 13.b3 Bf5 14.Bb2 Nbd5 15.Nf1 Qd7
16.a4 Rfe8 17.Nxd5 Nxd5 18.Bxd5 cxd5 19.Ba3 Rac8 20.Qb2 Bb8 21.Rac1 Rcd8
22.Rd2 Re6 23.h4 Rh6 24.Qc3 Rg6 25.Ng3 Bxg3 26.fxg3 Rxg3 27.Kh2 Rg4 28.g3 Rg6
29.Qc7 Rb6 30.Qxd7 Bxd7 31.Rc3 Rc6 32.Rxc6 Bxc6 33.Bc5 Ra8 34.g4 Bd7 35.Kg3 b6
36.Ba3 Rc8 37.Bb2 h6 38.Kf4 f6 39.Rg2 Kf7 40.Rf2 Be6 41.Rh2 Rc6 42.g5 h5
43.gxf6 Kxf6 44.Rf2 Bg4 45.Rd2 a5 46.Ba3 Rc3 47.Bd6 Rc1 48.Be5+ Kf7 49.Kg3 Bf3
50.Rb2 Rg1+ 51.Kh2 Rh1+ 52.Kg3 g5 53.hxg5 h4+ 54.Kf4 Rc1 55.Kf5 Bh5 56.Bf4 Rc6
57.Ke5 Re6+ 58.Kxd5 h3 59.Rc2 Bd1 60.Rc3 Re8 61.Rc7+ Re7 62.Kd6 Rxc7 63.Kxc7 Bxb3
64.Kxb6 Bxa4 65.Kxa5 Be8 66.d5 Kg6 67.Kb6 h2 68.Bxh2 Kxg5 69.Kc7 Kf6 70.Bg3 Ba4
71.Kd6 Kf7  1/2-1/2

[Event "Orel"]
[Site "Orel"]
[Date "1994.??.??"]
[Round "4"]
[White "Neverov, Valeriy"]
[Black "Yagupov, Igor"]
[Result "1/2-1/2"]
[WhiteElo "2530"]
[BlackElo "2430"]

1.d4 d5 2.c4 c6 3.Nc3 Nf6 4.e3 e6 5.Nf3 Nbd7 6.Qc2 Bd6 7.b3 O-O 8.Be2 b6
9.O-O Bb7 10.Bb2 c5 11.cxd5 Nxd5 12.Rad1 cxd4 13.Nxd5 exd5 14.Rxd4 Qe7 15.Rfd1 Rad8
16.Qf5 Ne5 17.Qb1 Ng6 18.Bd3 Bc5 19.Rg4 Bc8 20.Bf5 Bxf5 21.Qxf5 Qe6 22.Qxe6 fxe6
23.h4 Rf5 24.b4 Bd6 25.Nd4 Ne5 26.Rxg7+ Kxg7 27.Nxe6+ Kg6 28.Nxd8 Ng4 29.Rd2 Bh2+
30.Kf1 Nxe3+ 31.Ke2 Nxg2 32.Nc6 Bd6 33.a3 a6 34.Bd4 b5 35.Bc5 Rf6 36.h5+ Kf7
37.Nd8+ Ke8 38.Nb7 Bc7 39.Be3 Re6 40.Nc5 Re7 41.Nxa6 Bb6 42.Nc5 Nxe3 43.fxe3 Re5
44.h6 Bxc5 45.bxc5 Kd7 46.Kd3 Rh5 47.Kd4 Kc6 48.Rf2 Rxh6 49.Rf8 Rh4+ 50.Rf4 Rh6
51.Rf8  1/2-1/2